[Event "Zlin Region-chT 2223"]
[Site "Czech Republic"]
[Date "2023.01.29"]
[Round "7.2"]
[White "Kubin, Petr"]
[Black "Dobes, Vojtech"]
[Result "1/2-1/2"]
[WhiteElo "1976"]
[BlackElo "2155"]
[PlyCount "52"]
[EventDate "2022.10.09"]
[EventType "team-tourn"]
[EventRounds "11"]
[EventCountry "CZE"]
[SourceTitle "EXT 2024"]
[Source "ChessBase"]
[SourceDate "2023.10.10"]
[SourceVersion "1"]
[SourceVersionDate "2023.10.10"]
[SourceQuality "1"]
[WhiteTeam "Valasska Bystrice Sokol"]
[BlackTeam "Stare Mesto II"]
[WhiteTeamCountry "CZE"]
[BlackTeamCountry "CZE"]

1. e4 c5 2. Nf3 Nf6 3. e5 Nd5 4. Nc3 Nxc3 5. dxc3 Nc6 6. Bf4 h6 7. Bc4 e6 8. 0-0 Qc7 9. Bg3 b6 10. Re1 Bb7 11. Qe2 0-0-0 12. Ba6 Be7 13. Bxb7+ Kxb7 14. Nd2 d5 15. exd6 Bxd6 16. Bxd6 Rxd6 17. Nc4 Rd7 18. a4 Rhd8 19. a5 Nxa5 20. Ne5 Rd5 21. b4 Qxe5 22. Qxe5 Rxe5 23. Rxe5 Nc4 24. Re2 a5 25. bxa5 bxa5 26. f3 Ra8 1/2-1/2

[Event "Zlin Region-chT 2223"]
[Site "Czech Republic"]
[Date "2022.11.27"]
[Round "4.3"]
[White "Novak, Josef1111"]
[Black "Dobes, Vojtech"]
[Result "0-1"]
[WhiteElo "1842"]
[BlackElo "2155"]
[PlyCount "56"]
[EventDate "2022.10.09"]
[EventType "team-tourn"]
[EventRounds "11"]
[EventCountry "CZE"]
[SourceTitle "EXT 2024"]
[Source "ChessBase"]
[SourceDate "2023.10.10"]
[SourceVersion "1"]
[SourceVersionDate "2023.10.10"]
[SourceQuality "1"]
[WhiteTeam "Valasske Mezirici"]
[BlackTeam "Stare Mesto II"]
[WhiteTeamCountry "CZE"]
[BlackTeamCountry "CZE"]

1. e4 c5 2. Nf3 Nf6 3. e5 Nd5 4. c4 Nc7 5. d4 cxd4 6. Nxd4 Nc6 7. Nf3 g6 8. Nc3 Bg7 9. Bf4 Ne6 10. Bg3 Qa5 11. Qd5 Qb6 12. Qb5 Qd8 13. Rd1 0-0 14. Be2 a6 15. Qd5 b5 16. cxb5 axb5 17. Bxb5 Nc7 18. Qd2 Nxb5 19. Nxb5 Ra5 20. a4 Rxa4 21. Nc3 Ra5 22. Nd5 Ba6 23. b4 Rxd5 24. Qxd5 Nxb4 25. Qe4 Qa5 26. Rb1 Nd3+ 27. Kd1 Rc8 28. Ne1 Qa2 0-1

[Event "CZE-chT1E 1819"]
[Site "Czech Republic"]
[Date "2018.12.09"]
[Round "4.6"]
[White "Dobes, Vojtech"]
[Black "Haba, Zdenek"]
[Result "1/2-1/2"]
[WhiteElo "2213"]
[BlackElo "2158"]
[PlyCount "54"]
[EventDate "2018.10.21"]
[EventType "team-tourn"]
[EventRounds "11"]
[EventCountry "CZE"]
[SourceTitle "CBM 187 Extra"]
[Source "ChessBase"]
[SourceDate "2018.11.04"]
[SourceVersion "1"]
[SourceVersionDate "2018.11.04"]
[SourceQuality "1"]
[WhiteTeam "Stare Mesto"]
[BlackTeam "Gordic"]
[WhiteTeamCountry "CZE"]
[BlackTeamCountry "CZE"]

1. e4 c5 2. Nf3 e6 3. d4 cxd4 4. Nxd4 a6 5. Nc3 Qc7 6. Bd3 g6 7. 0-0 Bg7 8. Be3 Nf6 9. f4 d6 10. Qf3 0-0 11. g4 Nc6 12. Nce2 Nxd4 13. Nxd4 e5 14. fxe5 Nxg4 15. e6 Nxe3 16. exf7+ Rxf7 17. Qxe3 Qc5 18. c3 Be6 19. Rxf7 Bxf7 20. Nc2 Qh5 21. Qe2 Qxe2 22. Bxe2 d5 23. exd5 Bxd5 24. Ne3 Bc6 25. Bc4+ Kh8 26. Rd1 Bf8 27. Nc2 Bc5+ 1/2-1/2

[Event "CZE-chT1E 1718"]
[Site "Czech Republic"]
[Date "2018.03.04"]
[Round "9.2"]
[White "Wiewiora, Eneasz"]
[Black "Dobes, Vojtech"]
[Result "1/2-1/2"]
[WhiteElo "2311"]
[BlackElo "2199"]
[PlyCount "82"]
[EventDate "2017.10.22"]
[EventType "team-tourn"]
[EventRounds "11"]
[EventCountry "CZE"]
[SourceTitle "EXT 2019"]
[Source "ChessBase"]
[SourceDate "2018.10.10"]
[SourceVersion "1"]
[SourceVersionDate "2018.10.10"]
[SourceQuality "1"]
[WhiteTeam "Cesky Tesin"]
[BlackTeam "Stare Mesto"]
[WhiteTeamCountry "CZE"]
[BlackTeamCountry "CZE"]

1. d4 Nf6 2. c4 e6 3. Nf3 b6 4. g3 Ba6 5. b3 Bb4+ 6. Bd2 Be7 7. Bg2 c6 8. 0-0 0-0 9. Bf4 d5 10. Nbd2 Nbd7 11. Qc2 Rc8 12. e4 c5 13. exd5 exd5 14. Rfe1 Re8 15. Rad1 cxd4 16. Nxd4 Bb4 17. Rxe8+ Qxe8 18. Nf5 Qe6 19. Qb1 dxc4 20. Nxc4 Bxc4 21. bxc4 Bc5 22. Nd6 Bxd6 23. Rxd6 Qe7 24. Rd4 Nf8 25. Bd6 Qe2 26. Bf1 Qf3 27. Qd1 Qxd1 28. Rxd1 Ne6 29. Be5 Nc5 30. f3 Nfd7 31. Bh3 Re8 32. Bf4 Nf8 33. Kf2 Nfe6 34. Be3 Kf8 35. Bg2 g6 36. h4 Ke7 37. Rd5 Rd8 38. Rxd8 Kxd8 39. Ke2 Ke7 40. Kd2 Kd6 41. Bf2 Kd7 1/2-1/2

[Event "CZE-chT1E 1617"]
[Site "Czech Republic"]
[Date "2017.02.05"]
[Round "7.1"]
[White "Dobes, Vojtech"]
[Black "Senkyr, Martin"]
[Result "0-1"]
[WhiteElo "2220"]
[BlackElo "2134"]
[PlyCount "70"]
[EventDate "2016.10.16"]
[EventType "team-tourn"]
[EventRounds "11"]
[EventCountry "CZE"]
[SourceTitle "CBM 177 Extra"]
[Source "ChessBase"]
[SourceDate "2017.04.27"]
[SourceVersion "1"]
[SourceVersionDate "2017.04.27"]
[SourceQuality "1"]
[WhiteTeam "Stare Mesto"]
[BlackTeam "Zlin"]
[WhiteTeamCountry "CZE"]
[BlackTeamCountry "CZE"]

1. e4 c5 2. Nf3 e6 3. d4 cxd4 4. Nxd4 a6 5. Nc3 Qc7 6. Bd3 Nf6 7. 0-0 b6 8. Kh1 Bb7 9. f4 d6 10. Qe2 Nbd7 11. Bd2 Be7 12. Rae1 Nc5 13. e5 Nfd7 14. f5 dxe5 15. fxe6 fxe6 16. Qh5+ Kd8 17. Nf3 Bf6 18. Ng5 Qc6 19. Be4 Nxe4 20. Ncxe4 Kc7 21. Rf3 Kb8 22. Rc3 Qd5 23. Rd3 Qc6 24. Rd6 Qc8 25. Nxe6 Be7 26. Rd3 g6 27. Qh3 Ka7 28. Rc3 Nc5 29. N4xc5 Bxc5 30. Rxe5 Qd7 31. Rd3 Qf7 32. Re1 Rae8 33. Bc3 Rhf8 34. Rdd1 Bc8 35. Ng5 Rxe1+ 0-1

[Event "CZE-chT1E 1617"]
[Site "Czech Republic"]
[Date "2016.11.20"]
[Round "3.1"]
[White "Blahynka, Martin"]
[Black "Dobes, Vojtech"]
[Result "1-0"]
[WhiteElo "2424"]
[BlackElo "2220"]
[PlyCount "179"]
[EventDate "2016.10.16"]
[EventType "team-tourn"]
[EventRounds "11"]
[EventCountry "CZE"]
[SourceTitle "CBM 175 Extra"]
[Source "ChessBase"]
[SourceDate "2016.12.12"]
[SourceVersion "1"]
[SourceVersionDate "2016.12.12"]
[SourceQuality "1"]
[WhiteTeam "Brno Moravska Slavia"]
[BlackTeam "Stare Mesto"]
[WhiteTeamCountry "CZE"]
[BlackTeamCountry "CZE"]

1. e4 e5 2. Nf3 Nc6 3. Bb5 a6 4. Bxc6 dxc6 5. 0-0 Qf6 6. d4 exd4 7. Bg5 Qg6 8. Qxd4 Be7 9. Bxe7 Nxe7 10. Qe5 Bg4 11. Nbd2 Qd6 12. Qxd6 cxd6 13. h3 Bxf3 14. Nxf3 f6 15. Rad1 0-0-0 16. Nd4 Rd7 17. Rd2 Re8 18. Rfd1 d5 19. Ne6 Ng6 20. Nc5 Rc7 21. exd5 cxd5 22. Nb3 Ne5 23. c3 Nc4 24. Rc2 Re5 25. Kf1 Rce7 26. Nd4 Nb6 27. Re2 Kc7 28. Rde1 g6 29. b3 Kd6 30. f3 Nd7 31. Kf2 Nc5 32. Rd1 Ne6 33. Nxe6 Rxe2+ 34. Kxe2 Rxe6+ 35. Kd3 h5 36. g3 g5 37. Rg1 Re7 38. a4 b6 39. a5 bxa5 40. Ra1 Rb7 41. Rxa5 Rxb3 42. Kd4 Rb6 43. Rxd5+ Ke6 44. Ra5 Rd6+ 45. Kc4 Rc6+ 46. Kb4 Rd6 47. c4 f5 48. h4 gxh4 49. gxh4 Rd4 50. Rxa6+ Ke5 51. Kb5 Rxh4 52. c5 Rh1 53. Rh6 h4 54. c6 h3 55. c7 Rc1 56. Kb6 Kf4 57. Rxh3 Rb1+ 58. Kc6 Rc1+ 59. Kd7 Rd1+ 60. Ke6 Re1+ 61. Kd7 Rd1+ 62. Kc8 Rc1 63. Rh5 Rc5 64. Kd7 Kxf3 65. Rxf5+ Rxf5 66. c8Q Rd5+ 67. Ke6 Rd3 68. Ke5 Re3+ 69. Kf5 Rd3 70. Qc4 Ke3 71. Ke5 Kd2 72. Ke4 Re3+ 73. Kd4 Rf3 74. Qa2+ Ke1 75. Qg2 Rb3 76. Qd5 Rg3 77. Ke4 Ra3 78. Qc5 Rg3 79. Qc1+ Kf2 80. Qd1 Re3+ 81. Kf4 Re2 82. Qd5 Rc2 83. Qd3 Re2 84. Qd1 Re8 85. Qd4+ Ke1 86. Qb4+ Kf2 87. Qc5+ Ke1 88. Kf3 Kd2 89. Qd6+ Ke1 90. Qb4+ 1-0

[Event "CZE-chT1E 1617"]
[Site "Czech Republic"]
[Date "2016.11.06"]
[Round "2.1"]
[White "Obsivac, Josef"]
[Black "Dobes, Vojtech"]
[Result "1/2-1/2"]
[WhiteElo "2343"]
[BlackElo "2220"]
[PlyCount "107"]
[EventDate "2016.10.16"]
[EventType "team-tourn"]
[EventRounds "11"]
[EventCountry "CZE"]
[SourceTitle "CBM 175 Extra"]
[Source "ChessBase"]
[SourceDate "2016.12.12"]
[SourceVersion "1"]
[SourceVersionDate "2016.12.12"]
[SourceQuality "1"]
[WhiteTeam "Grygov"]
[BlackTeam "Stare Mesto"]
[WhiteTeamCountry "CZE"]
[BlackTeamCountry "CZE"]

1. d4 Nf6 2. c4 e6 3. Nf3 b6 4. g3 Bb7 5. Bg2 Be7 6. 0-0 0-0 7. Re1 d6 8. Nc3 Ne4 9. Qc2 Nxc3 10. Ng5 Bxg5 11. Bxb7 Nd7 12. Bxa8 Bxc1 13. Qxc3 Bxb2 14. Qxb2 Qxa8 15. Qb5 Rd8 16. Qa6 Nb8 17. Qa4 Nd7 18. Rad1 a5 19. Rd2 h6 20. Qc2 e5 21. d5 Nc5 22. e4 Qc8 23. f3 Re8 24. Kg2 Qd8 25. Rf2 Qg5 26. Kh1 Qg6 27. Rg2 Qf6 28. Re3 Qg5 29. Re1 Qf6 30. Qe2 Kf8 31. h4 Qg6 32. g4 Ke7 33. Qe3 Qf6 34. Rh2 Qf4 35. Qe2 g6 36. Rg1 Kf8 37. Kg2 Kg7 38. Kh3 Re7 39. Rf2 Re8 40. Qd2 Nd7 41. Qc3 Nc5 42. Rh2 Na4 43. Qa3 Nc5 44. g5 h5 45. Rhg2 Re7 46. Qc3 Na4 47. Qd3 Nc5 48. Qe2 Re8 49. Re1 Kf8 50. Qe3 Nd7 51. Rd2 Re7 52. Qxf4 exf4 53. Kg2 Re5 54. Rb1 1/2-1/2

[Event "Prague Pankrac Cup"]
[Site "Prague"]
[Date "2016.11.01"]
[Round "7"]
[White "Dobes, Vojtech"]
[Black "Studnicka, Tomas"]
[Result "1/2-1/2"]
[WhiteElo "2220"]
[BlackElo "2328"]
[PlyCount "133"]
[EventDate "2016.09.20"]
[EventType "swiss"]
[EventRounds "8"]
[EventCountry "CZE"]
[SourceTitle "EXT 2018"]
[Source "ChessBase"]
[SourceDate "2017.10.13"]
[SourceVersion "1"]
[SourceVersionDate "2017.10.13"]
[SourceQuality "1"]

1. e4 c5 2. Nf3 Nc6 3. d4 cxd4 4. Nxd4 g6 5. Nc3 Bg7 6. Be3 Nf6 7. Bc4 Qa5 8. 0-0 0-0 9. Bb3 d6 10. h3 Bd7 11. Re1 Rfe8 12. Qd3 Rac8 13. Rad1 a6 14. f4 Qc7 15. Nxc6 Bxc6 16. Qc4 e6 17. Qb4 Bf8 18. Qd4 Nd7 19. f5 Nc5 20. fxe6 fxe6 21. Bf4 Nxb3 22. axb3 Rcd8 23. Bg5 Rd7 24. Rf1 b5 25. b4 a5 26. bxa5 Qxa5 27. b4 Qa7 28. Be3 Qc7 29. Qd3 Rb8 30. Ra1 Qd8 31. Ra6 Bb7 32. Rb6 d5 33. exd5 Bxd5 34. Rxb8 Qxb8 35. Nxd5 Rxd5 36. Qe4 Qe5 37. Qf3 Qf5 38. Qg3 Qe4 39. Bc5 Bxc5+ 40. bxc5 Qd4+ 41. Kh1 Qxc5 42. Qb8+ Kg7 43. Qb7+ Kh6 44. Qf7 Rf5 45. Rxf5 exf5 46. Qd7 Qe5 47. Qd2+ Kh5 48. Qd7 h6 49. Qd3 b4 50. Qd1+ Kh4 51. Qd2 f4 52. Qxb4 Kg3 53. Qb1 Qe2 54. Qg1 Qe4 55. Qf1 f3 56. Qxf3+ Qxf3 57. gxf3 Kxf3 58. Kh2 g5 59. c4 Ke4 60. Kg3 h5 61. c5 Kd5 62. Kf3 Kxc5 63. Ke4 Kd6 64. Kf5 g4 65. hxg4 h4 66. Kf4 Ke6 67. g5 1/2-1/2

[Event "Prague Pankrac Cup"]
[Site "Prague"]
[Date "2016.10.04"]
[Round "3"]
[White "Dobes, Vojtech"]
[Black "Smid, Miroslav"]
[Result "1-0"]
[WhiteElo "2220"]
[BlackElo "2214"]
[PlyCount "69"]
[EventDate "2016.09.20"]
[EventType "swiss"]
[EventRounds "8"]
[EventCountry "CZE"]
[SourceTitle "EXT 2017"]
[Source "ChessBase"]
[SourceDate "2016.10.25"]
[SourceVersion "1"]
[SourceVersionDate "2016.10.25"]
[SourceQuality "1"]

1. e4 e5 2. Nf3 Nc6 3. Bb5 g6 4. 0-0 Bg7 5. c3 Nge7 6. d4 exd4 7. cxd4 d5 8. exd5 Nxd5 9. Re1+ Be6 10. Ne5 0-0 11. Nxc6 bxc6 12. Bxc6 Rb8 13. Nc3 Rb4 14. Bxd5 Bxd5 15. Be3 Rxb2 16. Rb1 Rxb1 17. Qxb1 Ba8 18. Qb4 f5 19. Qc4+ Kh8 20. d5 a6 21. Bd4 Bb7 22. Rb1 Re8 23. h4 Ba8 24. h5 gxh5 25. Bxg7+ Kxg7 26. Qxa6 Bxd5 27. Rd1 Qa8 28. Qd3 Be6 29. Qg3+ Kf6 30. Qh4+ Kg6 31. Ne2 Qe4 32. Nf4+ Kf7 33. Qxh5+ Kf8 34. Qh6+ Kg8 35. Nh5 1-0

[Event "CZE-chT2C 1516"]
[Site "Czech Republic"]
[Date "2016.04.03"]
[Round "10.6"]
[White "Kratochvil, Jakub"]
[Black "Dobes, Vojtech"]
[Result "1/2-1/2"]
[WhiteElo "2073"]
[BlackElo "2239"]
[PlyCount "67"]
[EventDate "2015.10.18"]
[EventType "team-tourn"]
[EventRounds "11"]
[EventCountry "CZE"]
[SourceTitle "EXT 2022"]
[Source "ChessBase"]
[SourceDate "2021.10.06"]
[SourceVersion "1"]
[SourceVersionDate "2021.10.06"]
[SourceQuality "1"]
[WhiteTeam "Pankrac II"]
[BlackTeam "Praha Bohemians"]
[WhiteTeamCountry "CZE"]
[BlackTeamCountry "CZE"]

1. e4 c5 2. Nf3 Nf6 3. e5 Nd5 4. c3 e6 5. d4 cxd4 6. cxd4 Nc6 7. Nc3 Nxc3 8. bxc3 d6 9. exd6 Qxd6 10. Bd3 Be7 11. 0-0 0-0 12. Qe2 Rd8 13. Ng5 h6 14. Ne4 Qd5 15. Bc4 Qa5 16. Rd1 b6 17. Rb1 a6 18. Bf4 b5 19. Bb3 b4 20. cxb4 Qf5 21. Bc7 Rxd4 22. Ng3 Qb5 23. Rxd4 Nxd4 24. Qe4 Bb7 25. Qxd4 Qc6 26. Ne4 Qxe4 27. Qxe4 Bxe4 28. Re1 Bg6 29. a3 Rc8 30. Be5 Bf6 31. Bxf6 gxf6 32. g3 Rc3 33. Re3 Bd3 34. Bc2 1/2-1/2

[Event "CZE-ch U18"]
[Site "Kouty nad Desnou"]
[Date "2016.03.10"]
[Round "8"]
[White "Dobes, Vojtech"]
[Black "Havelka, Josef"]
[Result "0-1"]
[WhiteElo "2251"]
[BlackElo "2326"]
[PlyCount "68"]
[EventDate "2016.03.04"]
[EventType "tourn"]
[EventRounds "11"]
[EventCountry "CZE"]
[EventCategory "4"]
[SourceTitle "CBM 171 Extra"]
[Source "ChessBase"]
[SourceDate "2016.04.26"]
[SourceVersion "1"]
[SourceVersionDate "2016.04.26"]
[SourceQuality "1"]

1. e4 e5 2. Nf3 Nc6 3. Bb5 a6 4. Ba4 Nge7 5. c3 g6 6. 0-0 Bg7 7. d4 exd4 8. cxd4 b5 9. Bc2 0-0 10. d5 Na5 11. Bd2 Nc4 12. Bc3 Nxb2 13. Qe1 Bxc3 14. Qxc3 Nc4 15. a4 Rb8 16. axb5 axb5 17. Bb3 Nb6 18. Nbd2 d6 19. Nd4 Nd7 20. f4 Nc5 21. f5 f6 22. Ne6 Bxe6 23. fxe6 f5 24. Qh3 Ra8 25. Rxa8 Qxa8 26. Qh4 Qe8 27. Rf3 fxe4 28. Rh3 h5 29. Nxe4 Nxe4 30. Qxe4 Rf5 31. g4 hxg4 32. Qxg4 Qf8 33. Qh4 Qg7 34. Bc2 Qa1+ 0-1

[Event "CZE-chT2C 1516"]
[Site "Czech Republic"]
[Date "2015.11.22"]
[Round "3.7"]
[White "Dobes, Vojtech"]
[Black "Kolar, Pavel"]
[Result "1/2-1/2"]
[WhiteElo "2239"]
[BlackElo "2221"]
[PlyCount "108"]
[EventDate "2015.10.18"]
[EventType "team-tourn"]
[EventRounds "11"]
[EventCountry "CZE"]
[SourceTitle "EXT 2022"]
[Source "ChessBase"]
[SourceDate "2021.10.06"]
[SourceVersion "1"]
[SourceVersionDate "2021.10.06"]
[SourceQuality "1"]
[WhiteTeam "Praha Bohemians"]
[BlackTeam "Lysa nad Labem III"]
[WhiteTeamCountry "CZE"]
[BlackTeamCountry "CZE"]

1. e4 e6 2. d4 d5 3. Nd2 Nf6 4. e5 Nfd7 5. Bd3 c5 6. c3 Nc6 7. Ne2 cxd4 8. cxd4 f6 9. exf6 Nxf6 10. 0-0 Bd6 11. Nf3 0-0 12. Bf4 Bxf4 13. Nxf4 Ng4 14. Qd2 Qf6 15. Ne2 Qh6 16. Qxh6 Nxh6 17. Ne5 Nb4 18. Bb5 a6 19. Ba4 Nf7 20. f4 b5 21. Bb3 Nxe5 22. dxe5 Bd7 23. Rad1 Rac8 24. Nd4 g6 25. g3 Nc6 26. Nxc6 Rxc6 27. Rc1 Rfc8 28. Rxc6 Rxc6 29. Kf2 a5 30. Ke2 a4 31. Bd1 Rc4 32. Rf3 b4 33. Kd2 Bb5 34. a3 Rd4+ 35. Ke1 b3 36. Rc3 Bc4 37. Bf3 Kg7 38. Rc1 Rd3 39. Bg4 h5 40. Bxe6 Re3+ 41. Kd1 Rf3 42. Bd7 Rf2 43. Bxa4 Rxh2 44. Rc3 Rxb2 45. Kc1 Ra2 46. Bxb3 Rxa3 47. Kb2 Ra5 48. Bxc4 dxc4 49. Rxc4 g5 50. Re4 Kg6 51. e6 Ra8 52. Kc3 gxf4 53. gxf4 Kf5 54. Re5+ Kxf4 1/2-1/2

[Event "CZE-ch U18/20 sf"]
[Site "Doksy"]
[Date "2015.11.18"]
[Round "6"]
[White "Dobes, Vojtech"]
[Black "Kratochvil, Vit"]
[Result "1-0"]
[WhiteElo "2217"]
[BlackElo "2232"]
[PlyCount "63"]
[EventDate "2015.11.14"]
[EventType "swiss"]
[EventRounds "9"]
[EventCountry "CZE"]
[SourceTitle "EXT 2022"]
[Source "ChessBase"]
[SourceDate "2021.10.06"]
[SourceVersion "1"]
[SourceVersionDate "2021.10.06"]
[SourceQuality "1"]

1. e4 Nf6 2. e5 Nd5 3. d4 d6 4. c4 Nb6 5. exd6 cxd6 6. Nc3 g6 7. Be3 Bg7 8. Rc1 0-0 9. b3 Nc6 10. Nf3 Bg4 11. Be2 d5 12. c5 Nc8 13. 0-0 e6 14. b4 a6 15. Rb1 N8e7 16. a4 Bxf3 17. Bxf3 Nf5 18. Ne2 Qh4 19. g4 Nxe3 20. fxe3 Bh6 21. Rb3 Rab8 22. Qe1 Qxe1 23. Rxe1 b5 24. Ra1 f5 25. axb5 axb5 26. Ra6 Rfc8 27. h4 fxg4 28. Bxg4 Kf7 29. Kf2 Ke7 30. Nc3 Rc7 31. Bf3 Ra7 32. Rxc6 1-0

[Event "CZE-chT1E 1415"]
[Site "Czech Republic"]
[Date "2015.03.22"]
[Round "10.7"]
[White "Dobes, Vojtech"]
[Black "Mrazek, Lumir"]
[Result "1-0"]
[WhiteElo "2116"]
[BlackElo "2237"]
[PlyCount "85"]
[EventDate "2014.10.19"]
[EventType "team-tourn"]
[EventRounds "11"]
[EventCountry "CZE"]
[SourceTitle "EXT 2016"]
[Source "ChessBase"]
[SourceDate "2015.10.08"]
[SourceVersion "1"]
[SourceVersionDate "2015.10.08"]
[SourceQuality "1"]
[WhiteTeam "Stare Mesto"]
[BlackTeam "Orlova Slavia"]
[WhiteTeamCountry "CZE"]
[BlackTeamCountry "CZE"]

1. e4 c5 2. Nf3 Nc6 3. d4 cxd4 4. Nxd4 e5 5. Nb5 a6 6. Nd6+ Bxd6 7. Qxd6 Qf6 8. Qxf6 Nxf6 9. Nc3 Nb4 10. Bd3 d5 11. exd5 Nbxd5 12. Nxd5 Nxd5 13. Bd2 Bd7 14. 0-0 0-0 15. c4 Nc7 16. Bc3 Rfe8 17. Rfe1 f6 18. Be4 Bc6 19. Bxc6 bxc6 20. Rad1 Rad8 21. Ba5 Rxd1 22. Rxd1 Ne6 23. Rd6 Nd4 24. Bb6 Re6 25. Rd7 Nf5 26. Bc5 e4 27. Ra7 Nd6 28. b3 g5 29. Rxa6 Nf7 30. b4 Ne5 31. b5 Re8 32. h3 Kf7 33. Bd4 cxb5 34. cxb5 g4 35. Bxe5 Rxe5 36. a4 e3 37. fxe3 g3 38. Kf1 Rxe3 39. b6 Rb3 40. a5 Kg6 41. Ra7 Kf5 42. Re7 Rb1+ 43. Re1 1-0

[Event "CZE-chT1E 1415"]
[Site "Czech Republic"]
[Date "2015.03.01"]
[Round "9.7"]
[White "Soban, Jaroslav"]
[Black "Dobes, Vojtech"]
[Result "1/2-1/2"]
[WhiteElo "2110"]
[BlackElo "2116"]
[PlyCount "49"]
[EventDate "2014.10.19"]
[EventType "team-tourn"]
[EventRounds "11"]
[EventCountry "CZE"]
[SourceTitle "EXT 2016"]
[Source "ChessBase"]
[SourceDate "2015.10.08"]
[SourceVersion "1"]
[SourceVersionDate "2015.10.08"]
[SourceQuality "1"]
[WhiteTeam "Grygov"]
[BlackTeam "Stare Mesto"]
[WhiteTeamCountry "CZE"]
[BlackTeamCountry "CZE"]

1. c4 Nf6 2. Nc3 e5 3. g3 d5 4. cxd5 Nxd5 5. Bg2 Nb6 6. Nf3 Nc6 7. d3 Be7 8. 0-0 0-0 9. a3 Be6 10. b4 f6 11. Be3 Qd7 12. Ne4 Nd5 13. Nc5 Bxc5 14. Bxc5 Rfe8 15. Rc1 b6 16. Be3 Nxe3 17. fxe3 Ne7 18. Nd2 Rac8 19. Ne4 Kh8 20. Qd2 h6 21. Qb2 Nd5 22. Qd2 Ne7 23. Qb2 Nd5 24. Qd2 Ne7 25. Qb2 1/2-1/2

[Event "CZE-chT1E 1415"]
[Site "Czech Republic"]
[Date "2015.02.15"]
[Round "8.7"]
[White "Dobes, Vojtech"]
[Black "Koutny, Petr"]
[Result "1/2-1/2"]
[WhiteElo "2116"]
[BlackElo "2095"]
[PlyCount "120"]
[EventDate "2014.10.19"]
[EventType "team-tourn"]
[EventRounds "11"]
[EventCountry "CZE"]
[SourceTitle "EXT 2016"]
[Source "ChessBase"]
[SourceDate "2015.10.08"]
[SourceVersion "1"]
[SourceVersionDate "2015.10.08"]
[SourceQuality "1"]
[WhiteTeam "Stare Mesto"]
[BlackTeam "Zlin"]
[WhiteTeamCountry "CZE"]
[BlackTeamCountry "CZE"]

1. e4 c5 2. Nf3 e6 3. d4 cxd4 4. Nxd4 Nf6 5. Nc3 d6 6. Be2 Nc6 7. 0-0 Be7 8. Kh1 Bd7 9. f4 0-0 10. Be3 Nxd4 11. Bxd4 Bc6 12. Bf3 Nd7 13. Qe1 e5 14. Be3 exf4 15. Bxf4 Ne5 16. Nd5 Bxd5 17. exd5 Bf6 18. Qg3 Re8 19. Be4 Rc8 20. Bf5 Rc7 21. Rad1 g6 22. Be4 Nc4 23. Bd3 Bh4 24. Qf3 Nxb2 25. Rb1 Nxd3 26. Qxd3 Bg5 27. Rb4 Bxf4 28. Rbxf4 Re5 29. Rf6 Rce7 30. h3 b6 31. c4 Re3 32. Qd2 Re2 33. Qf4 R2e4 34. Qg5 Qc7 35. R1f4 Rxf4 36. Qxf4 Re5 37. Qg4 Qe7 38. Qc8+ Kg7 39. Rf1 Re2 40. Qg4 Qe4 41. Qg5 f5 42. a4 Qe7 43. Qxe7+ Rxe7 44. a5 Rb7 45. axb6 Rxb6 46. Ra1 a6 47. Re1 Kf7 48. Re6 a5 49. Kh2 Rb4 50. Rxd6 Rxc4 51. Ra6 a4 52. Kg3 Rd4 53. Kf3 Rxd5 54. Rxa4 Kf6 55. Ra6+ Ke5 56. Ra3 f4 57. g3 g5 58. h4 h6 59. hxg5 hxg5 60. gxf4+ gxf4 1/2-1/2

[Event "CZE-chT1E 1415"]
[Site "Czech Republic"]
[Date "2015.02.01"]
[Round "7.8"]
[White "Dobes, Vojtech"]
[Black "Bulockin, Martin"]
[Result "1-0"]
[WhiteElo "2116"]
[BlackElo "1695"]
[PlyCount "105"]
[EventDate "2014.10.19"]
[EventType "team-tourn"]
[EventRounds "11"]
[EventCountry "CZE"]
[SourceTitle "EXT 2016"]
[Source "ChessBase"]
[SourceDate "2015.10.08"]
[SourceVersion "1"]
[SourceVersionDate "2015.10.08"]
[SourceQuality "1"]
[WhiteTeam "Stare Mesto"]
[BlackTeam "Rychnov nad Kneznou"]
[WhiteTeamCountry "CZE"]
[BlackTeamCountry "CZE"]

1. e4 e6 2. d4 d5 3. Nd2 Nf6 4. e5 Nfd7 5. Bd3 c5 6. c3 Nc6 7. Ne2 cxd4 8. cxd4 f6 9. exf6 Nxf6 10. 0-0 Bd6 11. Nf3 Qc7 12. Bg5 0-0 13. Bh4 Nh5 14. Qc2 h6 15. Bg6 Nf4 16. Nxf4 Bxf4 17. Bg3 Qb6 18. Rad1 Bxg3 19. hxg3 Bd7 20. Rfe1 Rac8 21. Qd2 Rf6 22. Bb1 Rcf8 23. Qd3 g6 24. Rd2 Kg7 25. Qe3 Qc7 26. Ne5 h5 27. g4 Nxe5 28. dxe5 Rf4 29. gxh5 gxh5 30. Rd4 Rxd4 31. Qxd4 Qc4 32. Qxa7 Qf4 33. Qe3 Bc6 34. Bd3 Qg4 35. Qh3 Qxh3 36. gxh3 Rf3 37. Re3 Rxe3 38. fxe3 h4 39. Kf2 Kh6 40. Kf3 Kg5 41. b3 b6 42. a4 Bb7 43. b4 Bc6 44. a5 bxa5 45. bxa5 Bb7 46. a6 Bc6 47. e4 Ba8 48. exd5 exd5 49. Ke3 Bc6 50. Kd4 Ba8 51. Bb5 Kg6 52. Bd7 Kf7 53. Bc8 1-0